[Event "POL-chT3 Kujawsko Pomorskie 1314"]
[Site "Poland"]
[Date "2014.??.??"]
[Round "8.7"]
[White "Szulgacz, Maciej"]
[Black "Wisniewski, Szymon"]
[Result "1/2-1/2"]
[WhiteElo "1711"]
[BlackElo "1842"]
[PlyCount "76"]
[EventDate "2013.11.03"]
[EventType "team-tourn"]
[EventRounds "11"]
[EventCountry "POL"]
[SourceTitle "EXT 2015"]
[Source "ChessBase"]
[SourceDate "2014.11.20"]
[SourceVersion "1"]
[SourceVersionDate "2014.11.20"]
[SourceQuality "1"]
[WhiteTeam "Bydgoszcz UKS MDK nr 5"]
[BlackTeam "Bydgoszcz Hetman"]
[WhiteTeamCountry "POL"]
[BlackTeamCountry "POL"]

1. d4 Nf6 2. c4 c5 3. Nf3 g6 4. Nc3 Bg7 5. g3 cxd4 6. Nxd4 Nc6 7. e3 Nxd4 8. exd4 d5 9. c5 Bg4 10. Qa4+ Bd7 11. Qb3 Bc6 12. Bg2 0-0 13. 0-0 Re8 14. Bg5 e6 15. Rfd1 Qd7 16. Bxf6 Bxf6 17. Qa3 Bg7 18. Rab1 Qc7 19. b4 b5 20. Qa6 Rab8 21. Bf1 Qb7 22. Qxb7 Rxb7 23. a4 a6 24. axb5 Bxb5 25. Nxb5 axb5 26. Ra1 e5 27. dxe5 Bxe5 28. Ra5 d4 29. Rc1 Kg7 30. c6 Rb6 31. Rxb5 Rxb5 32. Bxb5 Bd6 33. Ba6 Bc7 34. Rd1 Ra8 35. b5 Bb6 36. Kf1 Re8 37. Re1 Rxe1+ 38. Kxe1 Kf6 1/2-1/2

[Event "Polanica Zdroj op-D 49th"]
[Site "Polanica Zdroj"]
[Date "2013.08.20"]
[Round "4"]
[White "Szulgacz, Maciej"]
[Black "Lipski, Lukasz"]
[Result "0-1"]
[WhiteElo "1747"]
[BlackElo "1608"]
[PlyCount "168"]
[EventDate "2013.08.17"]
[EventType "swiss"]
[EventRounds "9"]
[EventCountry "POL"]
[SourceTitle "EXT 2014"]
[Source "ChessBase"]
[SourceDate "2013.11.20"]
[SourceVersion "1"]
[SourceVersionDate "2013.11.20"]
[SourceQuality "1"]

1. d4 Nf6 2. c4 e6 3. Nc3 b6 4. Bg5 Be7 5. Nf3 Bb7 6. e3 d5 7. Bd3 c5 8. 0-0 0-0 9. Rc1 Nbd7 10. h3 Ne4 11. Bf4 Ndf6 12. Ne5 cxd4 13. exd4 dxc4 14. Bxc4 Rc8 15. Qa4 Qxd4 16. Qxa7 Nxc3 17. Qxb7 Qxf4 18. Qxe7 Ne2+ 19. Bxe2 Rxc1 20. Nd3 Rxf1+ 21. Bxf1 Qd4 22. Qc7 h6 23. b3 Ne4 24. Qf4 Rd8 25. Ne5 Nf6 26. Qg3 Nh5 27. Qh2 Qf4 28. Nc4 Rd1 29. Qxf4 Nxf4 30. g3 Ne2+ 31. Kg2 Nc3 32. Nxb6 Nxa2 33. Bc4 Nb4 34. Na4 Nc6 35. Bb5 Na5 36. Nc5 Rd5 37. b4 Kf8 38. Bd3 Ke7 39. Be4 Re5 40. f4 Rxc5 41. bxc5 Nb3 42. c6 Nd4 43. Kf2 Kd6 44. c7 Kxc7 45. Ke3 Nc6 46. Bc2 Kd6 47. Bb3 f6 48. Ke4 f5+ 49. Ke3 e5 50. fxe5+ Kxe5 51. Ba2 g5 52. Bb1 Nd4 53. Kf2 h5 54. Bd3 f4 55. gxf4+ Kxf4 56. Bg6 h4 57. Bh5 Nf5 58. Bd1 Nd6 59. Bh5 Ne4+ 60. Kg2 Ke3 61. Bd1 Nf6 62. Bf3 Ne4 63. Bd1 Ng3 64. Bf3 Ne2 65. Bg4 Nd4 66. Bh5 Nc2 67. Bg4 Ne1+ 68. Kg1 Nd3 69. Kg2 Ke4 70. Bf3+ Kf4 71. Bg4 Ke3 72. Bd1 Nf4+ 73. Kh2 Kf2 74. Bg4 Nd3 75. Bd7 Ne5 76. Bc8 Nf3+ 77. Kh1 Kg3 78. Bb7 Nd4 79. Bc8 Ne2 80. Bd7 Nf4 81. Bc8 Nxh3 82. Bb7 Nf2+ 83. Kg1 h3 84. Bg2 h2+ 0-1

[Event "POL-chT3 Kujawsko Pomorskie 1213"]
[Site "Poland"]
[Date "2012.11.18"]
[Round "2.23"]
[White "Lech, Piotr"]
[Black "Szulgacz, Maciej"]
[Result "0-1"]
[WhiteElo "1842"]
[BlackElo "1734"]
[PlyCount "53"]
[EventDate "2012.11.04"]
[EventType "team-tourn"]
[EventRounds "11"]
[EventCountry "POL"]
[SourceTitle "EXT 2015"]
[Source "ChessBase"]
[SourceDate "2014.11.20"]
[SourceVersion "1"]
[SourceVersionDate "2014.11.20"]
[SourceQuality "1"]
[WhiteTeam "Szubin Szachowa Dwojka"]
[BlackTeam "Bydgoszcz UKS MDK nr 5"]
[WhiteTeamCountry "POL"]
[BlackTeamCountry "POL"]

1. d4 d6 2. Nf3 Nf6 3. c4 g6 4. Nc3 Bg7 5. e4 0-0 6. h3 Nbd7 7. Bd3 c6 8. Be3 e5 9. d5 c5 10. 0-0 Nh5 11. Qd2 Nb6 12. a3 f5 13. Bg5 Qe8 14. Nb5 fxe4 15. Nxd6 Qa4 16. b3 Qd7 17. Nxe4 Qc7 18. Nh2 Nf4 19. Ng4 Bxg4 20. hxg4 h6 21. Bh4 g5 22. Bg3 Nc8 23. f3 Nd6 24. Nxd6 Qxd6 25. Be4 Ne6 26. Rad1 Nd4 27. Qc3 0-1

[Event "Polanica Zdroj op-D 48th"]
[Site "Polanica Zdroj"]
[Date "2012.08.21"]
[Round "4"]
[White "Zienowicz, Jozef"]
[Black "Szulgacz, Maciej"]
[Result "0-1"]
[WhiteElo "1514"]
[BlackElo "1747"]
[PlyCount "114"]
[EventDate "2012.08.18"]
[EventType "swiss"]
[EventRounds "9"]
[EventCountry "POL"]
[SourceTitle "EXT 2014"]
[Source "ChessBase"]
[SourceDate "2013.11.20"]
[SourceVersion "1"]
[SourceVersionDate "2013.11.20"]
[SourceQuality "1"]

1. d4 d6 2. e4 Nf6 3. f3 g6 4. c4 Nbd7 5. Nc3 Bg7 6. Be3 0-0 7. Qd2 e5 8. d5 Ne8 9. h4 f5 10. Bg5 Bf6 11. Bxf6 Ndxf6 12. 0-0-0 fxe4 13. Nxe4 Nxe4 14. fxe4 Rf4 15. h5 gxh5 16. g3 Rxe4 17. Bd3 Rg4 18. Rxh5 Rg7 19. Qh6 Nf6 20. Rg5 Qe7 21. Rf1 e4 22. Rxf6 exd3 23. Rxg7+ Qxg7 24. Qxg7+ Kxg7 25. Rf3 Bg4 26. Rxd3 Rf8 27. Kd2 Rf2+ 28. Ke3 Rxb2 29. a3 Rc2 30. Rb3 b6 31. Nf3 Bxf3 32. Kxf3 Rxc4 33. g4 Kf6 34. Re3 Rd4 35. Rc3 Rxd5 36. Rxc7 h6 37. Rxa7 Ra5 38. Rd7 Rxa3+ 39. Kf4 Ra4+ 40. Kf3 Rd4 41. Rb7 Rb4 42. Rd7 Rd4 43. Rb7 Ke5 44. Rxb6 Rf4+ 45. Kg3 Rf6 46. g5 hxg5 47. Kg4 d5 48. Rb5 Rg6 49. Kf3 g4+ 50. Ke3 g3 51. Rb1 g2 52. Rg1 Ra6 53. Rb1 Ra2 54. Kd3 Kf4 55. Rc1 Kg3 56. Rd1 Kh2 57. Rb1 g1Q 0-1

[Event "Polanica Zdroj op-D 48th"]
[Site "Polanica Zdroj"]
[Date "2012.08.18"]
[Round "1"]
[White "Szulgacz, Maciej"]
[Black "Strzelecki, Maciej"]
[Result "1-0"]
[WhiteElo "1747"]
[BlackElo "1328"]
[PlyCount "99"]
[EventDate "2012.08.18"]
[EventType "swiss"]
[EventRounds "9"]
[EventCountry "POL"]
[SourceTitle "EXT 2014"]
[Source "ChessBase"]
[SourceDate "2013.11.20"]
[SourceVersion "1"]
[SourceVersionDate "2013.11.20"]
[SourceQuality "1"]

1. d4 d5 2. c4 e6 3. Nc3 Nf6 4. Bg5 Be7 5. Bxf6 Bxf6 6. cxd5 exd5 7. e3 0-0 8. Bd3 Bd7 9. Nxd5 Bc6 10. Nf4 Bg5 11. Nge2 Bd5 12. Nxd5 Qxd5 13. 0-0 Nd7 14. Nc3 Qa5 15. Ne4 Nf6 16. Nc5 b6 17. Nb3 Qd5 18. Rc1 Rac8 19. Ba6 Rcd8 20. Rxc7 Rd7 21. Rxd7 Qxd7 22. Qf3 Qa4 23. Qe2 Qxa2 24. Bc4 Qa4 25. Nd2 Rc8 26. Rc1 Kh8 27. Nf3 Bh6 28. Ne5 g6 29. Nxf7+ Kg7 30. Nd6 Rc6 31. Nb7 b5 32. Nc5 Rxc5 33. dxc5 bxc4 34. Qxc4 Qc6 35. Ra1 Qc7 36. c6 Kh8 37. Qa6 Ng4 38. g3 Ne5 39. Rc1 Bf8 40. Qb7 Bd6 41. Ra1 Qxc6 42. Qxc6 Nxc6 43. Ra6 Be5 44. Rxc6 Bxb2 45. Ra6 Kg7 46. Rxa7+ Kh6 47. Kg2 g5 48. f4 Bc1 49. Kf3 gxf4 50. gxf4 1-0

[Event "Polanica Zdroj op-D 47th"]
[Site "Polanica Zdroj"]
[Date "2011.08.25"]
[Round "6"]
[White "Kowalski, Igor"]
[Black "Szulgacz, Maciej"]
[Result "1/2-1/2"]
[WhiteElo "1578"]
[BlackElo "1715"]
[PlyCount "110"]
[EventDate "2011.08.20"]
[EventType "swiss"]
[EventRounds "9"]
[EventCountry "POL"]
[SourceTitle "EXT 2014"]
[Source "ChessBase"]
[SourceDate "2013.11.20"]
[SourceVersion "1"]
[SourceVersionDate "2013.11.20"]
[SourceQuality "1"]

1. e4 d5 2. exd5 Qxd5 3. Nf3 Nf6 4. Be2 Bg4 5. 0-0 e6 6. d3 Qd6 7. Nc3 Nbd7 8. Be3 c5 9. d4 Qb6 10. Na4 Qc7 11. Nxc5 Nxc5 12. dxc5 a6 13. Qd4 Rd8 14. Qa4+ Qd7 15. Qxd7+ Rxd7 16. c4 Ne4 17. b4 Nc3 18. Rfe1 Be7 19. h3 Bf6 20. Bf1 Bf5 21. g4 Be4 22. Nd2 Bc6 23. g5 Be5 24. f4 Bc7 25. Rec1 Ne4 26. Nxe4 Bxe4 27. Rd1 Rxd1 28. Rxd1 h6 29. Bg2 Bxg2 30. Kxg2 hxg5 31. fxg5 f5 32. Bf2 e5 33. b5 Ke7 34. bxa6 bxa6 35. c6 Rd8 36. Bc5+ Ke6 37. Rxd8 Bxd8 38. h4 g6 39. a4 Bc7 40. Bf8 Kf7 41. Ba3 e4 42. Bc5 f4 43. Bb4 Ke6 44. a5 Ke5 45. Bc3+ Ke6 46. h5 gxh5 47. g6 h4 48. g7 Kf7 49. Kh3 e3 50. Kxh4 f3 51. Kh3 e2 52. Be1 Bxa5 53. Bg3 Kxg7 54. Kg4 Bc7 55. Be1 Ba5 1/2-1/2

[Event "Polanica Zdroj op-D 47th"]
[Site "Polanica Zdroj"]
[Date "2011.08.23"]
[Round "4"]
[White "Lukasiewicz, Krzysztof"]
[Black "Szulgacz, Maciej"]
[Result "1/2-1/2"]
[WhiteElo "1610"]
[BlackElo "1715"]
[PlyCount "59"]
[EventDate "2011.08.20"]
[EventType "swiss"]
[EventRounds "9"]
[EventCountry "POL"]
[SourceTitle "EXT 2014"]
[Source "ChessBase"]
[SourceDate "2013.11.20"]
[SourceVersion "1"]
[SourceVersionDate "2013.11.20"]
[SourceQuality "1"]

1. e4 d6 2. d4 Nf6 3. Bd3 g6 4. c3 Bg7 5. f4 0-0 6. Nf3 Nbd7 7. e5 Nd5 8. 0-0 c5 9. Be4 N7b6 10. Na3 Bh6 11. Ne1 f6 12. Nd3 cxd4 13. cxd4 fxe5 14. fxe5 Ne3 15. Rxf8+ Qxf8 16. Qf3 Bg4 17. Qxf8+ Rxf8 18. Nf2 Be2 19. Bxb7 Rb8 20. Bf3 Bxf3 21. gxf3 Rf8 22. exd6 exd6 23. Nb5 Rxf3 24. Nxd6 Bf4 25. Nde4 Nc2 26. Rb1 Nxd4 27. Bxf4 Rxf4 28. Rd1 Nf5 29. Rd8+ Kg7 30. Kg2 1/2-1/2

[Event "Polanica Zdroj op-D 47th"]
[Site "Polanica Zdroj"]
[Date "2011.08.22"]
[Round "3"]
[White "Szulgacz, Maciej"]
[Black "Dzieczkaniec, Piotr"]
[Result "0-1"]
[WhiteElo "1715"]
[BlackElo "1972"]
[PlyCount "68"]
[EventDate "2011.08.20"]
[EventType "swiss"]
[EventRounds "9"]
[EventCountry "POL"]
[SourceTitle "EXT 2014"]
[Source "ChessBase"]
[SourceDate "2013.11.20"]
[SourceVersion "1"]
[SourceVersionDate "2013.11.20"]
[SourceQuality "1"]

1. d4 d5 2. c4 c6 3. Nc3 dxc4 4. e3 b5 5. Nxb5 cxb5 6. Qf3 e6 7. Qxa8 Qc7 8. Qe4 Bb7 9. Qc2 Nf6 10. Nf3 Bd6 11. Be2 0-0 12. Bd2 Be4 13. Qd1 Nc6 14. a3 Nd5 15. Ng5 Bg6 16. h4 h6 17. h5 Bd3 18. Bxd3 cxd3 19. Ne4 Be7 20. Rc1 f5 21. Nc3 Nf6 22. Nxb5 Qb7 23. Qb3 Nd8 24. 0-0 Ne4 25. Ba5 Nf7 26. Rc7 Qb8 27. Rxe7 a6 28. Qxd3 axb5 29. Rxe6 Nfg5 30. Rg6 f4 31. Bb4 Rf7 32. Qb3 f3 33. Rxg5 Nxg5 34. g3 Qc8 0-1

[Event "POL-chT4 Kujawsko Pomorskie 1011"]
[Site "Poland"]
[Date "2011.04.10"]
[Round "10.2"]
[White "Borchardt, Marcin"]
[Black "Szulgacz, Maciej"]
[Result "0-1"]
[WhiteElo "1788"]
[BlackElo "1670"]
[PlyCount "102"]
[EventDate "2010.11.07"]
[EventType "team-swiss"]
[EventRounds "10"]
[EventCountry "POL"]
[SourceTitle "EXT 2019"]
[Source "ChessBase"]
[SourceDate "2018.10.10"]
[SourceVersion "1"]
[SourceVersionDate "2018.10.10"]
[SourceQuality "1"]

1. Nf3 d6 2. g3 Nf6 3. Bg2 g6 4. 0-0 Bg7 5. d4 0-0 6. c4 c6 7. Nc3 Nbd7 8. e4 e5 9. d5 cxd5 10. cxd5 Nc5 11. Nd2 b6 12. Nb3 Ba6 13. Re1 Nd3 14. Re3 Nxc1 15. Nxc1 Bh6 16. Re1 Qd7 17. f3 Nh5 18. Nd3 Bxd3 19. Qxd3 f5 20. Bh3 fxe4 21. Bxd7 exd3 22. Be6+ Kh8 23. Kg2 Ng7 24. Bh3 Nf5 25. Bxf5 gxf5 26. Rad1 d2 27. Re2 Rac8 28. f4 exf4 29. gxf4 Bxf4 30. Kf3 Bg5 31. h4 Bxh4 32. Rdxd2 a6 33. Re6 Rf6 34. Re7 Rg6 35. Re6 Rcg8 36. Rxg6 hxg6 37. Na4 b5 38. Nc3 Bf6 39. Ne2 Rc8 40. Nf4 Kg7 41. Ne6+ Kf7 42. Rh2 Rh8 43. Rc2 g5 44. Rg2 Rh3+ 45. Kf2 Rd3 46. Nc7 Rd2+ 47. Kf3 Rxg2 48. Kxg2 Bxb2 49. Nxa6 Kf6 50. Nc7 b4 51. Kf3 Ke5 0-1

[Event "POL-chT4 Kujawsko Pomorskie 0910"]
[Site "Poland"]
[Date "2009.12.20"]
[Round "4.27"]
[White "Luchowski, Ferdynand"]
[Black "Szulgacz, Maciej"]
[Result "0-1"]
[WhiteElo "1815"]
[BlackElo "1644"]
[PlyCount "112"]
[EventDate "2009.11.08"]
[EventType "team-swiss"]
[EventRounds "11"]
[EventCountry "POL"]
[SourceTitle "EXT 2020"]
[Source "ChessBase"]
[SourceDate "2019.10.17"]
[SourceVersion "1"]
[SourceVersionDate "2019.10.17"]
[SourceQuality "1"]

1. d4 d6 2. c4 Nf6 3. Nc3 g6 4. Nf3 Bg7 5. e4 0-0 6. Bd3 Nbd7 7. 0-0 c6 8. Be3 e5 9. Qd2 Re8 10. Rad1 a6 11. Bc2 b5 12. cxb5 cxb5 13. a3 Bb7 14. d5 Nb6 15. Bd3 Rc8 16. Rfe1 Ng4 17. Bg5 f6 18. Be3 Nxe3 19. Qxe3 Rf8 20. Nd2 f5 21. f3 f4 22. Qf2 Nd7 23. Nb3 h5 24. Rc1 g5 25. Qa7 Rf7 26. Qf2 g4 27. Qe2 Qg5 28. Na2 Rcf8 29. Rc7 Nf6 30. Rxf7 Rxf7 31. Kh1 h4 32. Na5 Nh5 33. Nxb7 Ng3+ 34. hxg3 hxg3 35. Qc2 Qh4+ 36. Kg1 Qh2+ 37. Kf1 Qh1+ 38. Ke2 Qxg2+ 39. Kd1 Qxc2+ 40. Bxc2 Rxb7 41. Ke2 Bf6 42. Nb4 Rh7 43. fxg4 Rh2+ 44. Kd3 f3 45. Ke3 f2 46. Rf1 g2 47. Kxf2 Bh4+ 48. Kg1 gxf1Q+ 49. Kxf1 a5 50. Kg1 Rd2 51. Nc6 Rxc2 52. Nxa5 Rxb2 53. Nb7 Be7 54. Na5 Ra2 55. Nc6 Kf7 56. g5 Bxg5 0-1

[Event "Polanica Zdroj op-C 45th"]
[Site "Polanica Zdroj"]
[Date "2009.08.26"]
[Round "9"]
[White "Szulgacz, Maciej"]
[Black "Kwiek, Janusz"]
[Result "0-1"]
[WhiteElo "1585"]
[BlackElo "1744"]
[PlyCount "60"]
[EventDate "2009.08.18"]
[EventType "swiss"]
[EventRounds "9"]
[EventCountry "POL"]
[SourceTitle "CBM 132 Extra"]
[Source "ChessBase"]
[SourceDate "2009.11.03"]
[SourceVersion "1"]
[SourceVersionDate "2009.11.03"]
[SourceQuality "1"]

1. d4 Nf6 2. c4 g6 3. Nc3 Bg7 4. Nf3 0-0 5. e4 d6 6. h3 c5 7. d5 Nbd7 8. Be3 Qb6 9. Qd2 a6 10. Bd3 Rb8 11. Nh2 Qb4 12. Rb1 Ne5 13. b3 Nxd3+ 14. Qxd3 Nxe4 15. Qxe4 Bxc3+ 16. Ke2 Bf5 17. Qxe7 Bxb1 18. Ng4 Bg7 19. Rxb1 Qc3 20. Kd1 h5 21. Nh2 Rfe8 22. Qxd6 Be5 23. Qxc5 Bxh2 24. g3 h4 25. d6 hxg3 26. Qd4 Qxd4+ 27. Bxd4 g2 28. f3 g1Q+ 29. Bxg1 Bxg1 30. Kc2 Bc5 0-1

[Event "Polanica Zdroj op-C 45th"]
[Site "Polanica Zdroj"]
[Date "2009.08.24"]
[Round "7"]
[White "Szulgacz, Maciej"]
[Black "Bielinski, Kazimierz"]
[Result "1-0"]
[WhiteElo "1585"]
[BlackElo "1781"]
[PlyCount "77"]
[EventDate "2009.08.18"]
[EventType "swiss"]
[EventRounds "9"]
[EventCountry "POL"]
[SourceTitle "CBM 132 Extra"]
[Source "ChessBase"]
[SourceDate "2009.11.03"]
[SourceVersion "1"]
[SourceVersionDate "2009.11.03"]
[SourceQuality "1"]

1. d4 Nf6 2. c4 e6 3. Nf3 b6 4. Nc3 Bb7 5. Bg5 Be7 6. Qc2 d6 7. e4 Nbd7 8. d5 h6 9. Bf4 e5 10. Bd2 Nc5 11. b4 Ncd7 12. g3 Nh7 13. h4 a5 14. b5 Nhf6 15. Na4 Bc8 16. Nh2 Nf8 17. f4 exf4 18. gxf4 Nh5 19. 0-0-0 Ng3 20. Rg1 Bxh4 21. Bc3 Rg8 22. Bd3 Ng6 23. Qd2 Nh5 24. Rxg6 fxg6 25. e5 Nxf4 26. e6 Qg5 27. Be4 Ne2+ 28. Kb1 Nxc3+ 29. Qxc3 Qf6 30. Qd3 Qf4 31. Bxg6+ Ke7 32. Nf3 Bf6 33. Nc3 Bb7 34. Ne2 Qg4 35. Rg1 Qxg1+ 36. Nexg1 Raf8 37. Bf7 Rh8 38. Nh3 Bc8 39. Nf4 1-0

[Event "Polanica Zdroj op-C 45th"]
[Site "Polanica Zdroj"]
[Date "2009.08.21"]
[Round "4"]
[White "Szulgacz, Maciej"]
[Black "Mikolajczyk, Andrzej"]
[Result "0-1"]
[WhiteElo "1585"]
[BlackElo "1822"]
[PlyCount "52"]
[EventDate "2009.08.18"]
[EventType "swiss"]
[EventRounds "9"]
[EventCountry "POL"]
[SourceTitle "CBM 132 Extra"]
[Source "ChessBase"]
[SourceDate "2009.11.03"]
[SourceVersion "1"]
[SourceVersionDate "2009.11.03"]
[SourceQuality "1"]

1. d4 d5 2. c4 c6 3. Nc3 e6 4. Nf3 f5 5. Bg5 Nf6 6. e3 Be7 7. c5 0-0 8. Bf4 Ne4 9. Nxe4 fxe4 10. Ne5 Nd7 11. Ng4 Nf6 12. b4 Nxg4 13. h4 Nf6 14. h5 a5 15. b5 cxb5 16. Bxb5 Bd7 17. a4 Bc6 18. g4 Nd7 19. Rg1 Bg5 20. Bd6 Rf7 21. Ke2 Qf6 22. f4 exf3+ 23. Kf2 e5 24. dxe5 Nxe5 25. Qc2 Bh4+ 26. Kf1 Nc4 0-1

[Event "Bydgoszcz U18 op 26th"]
[Site "Bydgoszcz"]
[Date "2009.02.16"]
[Round "8.4"]
[White "Bokiej, Przemyslaw"]
[Black "Szulgacz, Maciej"]
[Result "1-0"]
[WhiteElo "2054"]
[BlackElo "1529"]
[PlyCount "51"]
[EventDate "2009.02.16"]
[EventType "swiss"]
[EventRounds "9"]
[EventCountry "POL"]
[SourceTitle "EXT 2023"]
[Source "ChessBase"]
[SourceDate "2022.10.05"]
[SourceVersion "1"]
[SourceVersionDate "2022.10.05"]
[SourceQuality "1"]

1. e4 d6 2. d4 Nf6 3. Nc3 g6 4. f4 Bg7 5. Nf3 0-0 6. Bd3 Nbd7 7. 0-0 c5 8. d5 Qc7 9. Re1 a6 10. a4 Rb8 11. h3 c4 12. Bf1 b5 13. axb5 axb5 14. e5 dxe5 15. fxe5 Ne8 16. d6 exd6 17. Nd5 Qb7 18. Be3 Ra8 19. Rxa8 Qxa8 20. exd6 Bxb2 21. c3 Ba3 22. Ne7+ Kg7 23. Qd4+ Nef6 24. Qh4 Nh5 25. Bh6+ Kxh6 26. Nf5+ 1-0

[Event "Bydgoszcz U18 op 26th"]
[Site "Bydgoszcz"]
[Date "2009.02.16"]
[Round "2.7"]
[White "Mazalon, Mateusz"]
[Black "Szulgacz, Maciej"]
[Result "1-0"]
[WhiteElo "1728"]
[BlackElo "1529"]
[PlyCount "59"]
[EventDate "2009.02.16"]
[EventType "swiss"]
[EventRounds "9"]
[EventCountry "POL"]
[SourceTitle "EXT 2023"]
[Source "ChessBase"]
[SourceDate "2022.10.05"]
[SourceVersion "1"]
[SourceVersionDate "2022.10.05"]
[SourceQuality "1"]

1. e4 d6 2. d4 Nf6 3. Nc3 g6 4. Bg5 Bg7 5. Qd2 Nbd7 6. 0-0-0 c5 7. Nf3 cxd4 8. Nxd4 Nc5 9. f3 a6 10. Bh6 0-0 11. Bxg7 Kxg7 12. h4 h5 13. Qg5 b5 14. Nf5+ Bxf5 15. exf5 b4 16. Nd5 Nxd5 17. Rxd5 Rc8 18. Bd3 Nxd3+ 19. Rxd3 Rc5 20. Re1 Re8 21. g4 Qc7 22. Rd2 b3 23. axb3 Qa5 24. Kb1 Qb4 25. Rxe7 Rxe7 26. Qxe7 Re5 27. f6+ Kg8 28. Qd8+ Kh7 29. Rd1 d5 30. Qc7 1-0

[Event "Bydgoszcz U18 op 26th"]
[Site "Bydgoszcz"]
[Date "2009.02.16"]
[Round "9.5"]
[White "Szulgacz, Maciej"]
[Black "Kotula, Oktawia"]
[Result "0-1"]
[WhiteElo "1529"]
[BlackElo "1737"]
[PlyCount "44"]
[EventDate "2009.02.16"]
[EventType "swiss"]
[EventRounds "9"]
[EventCountry "POL"]
[SourceTitle "EXT 2023"]
[Source "ChessBase"]
[SourceDate "2022.10.05"]
[SourceVersion "1"]
[SourceVersionDate "2022.10.05"]
[SourceQuality "1"]

1. d4 d5 2. c4 e6 3. Nc3 Nf6 4. Bg5 Be7 5. Nf3 0-0 6. e3 h6 7. Bh4 b6 8. a3 Bb7 9. Bg3 Nbd7 10. h3 c5 11. Nb5 Ne4 12. dxc5 Nxg3 13. fxg3 Bxc5 14. Kf2 Nf6 15. Nc3 Qc7 16. Nb5 Ne4+ 17. Ke1 Qxg3+ 18. Ke2 Qf2+ 19. Kd3 dxc4+ 20. Kxc4 Bd5+ 21. Kd3 Qxe3+ 22. Kc2 Bb3+ 0-1